Principios de administración financiera / Gitman, Lawrence J. y Chael J. Zutter (Registro nro. 12178)

Detalles MARC
000 -LEADER
fixed length control field 00551nam a22002051a 4500
001 - CONTROL NUMBER
control field 12178
003 - CONTROL NUMBER IDENTIFIER
control field OSt
005 - DATE AND TIME OF LATEST TRANSACTION
control field 20260204212315.0
008 - FIXED-LENGTH DATA ELEMENTS--GENERAL INFORMATION
fixed length control field 150313s2012||||mx ||||||b||||||||||spa||
020 ## - NUMERO DE LIBRO INTERNACIONAL NORMALIZADO
International Standard Book Number 9786073209830
082 ## - DEWEY DECIMAL CLASSIFICATION NUMBER
Classification number 658.15 G447a
100 ## - ASIENTO PRINCIPAL -- NOMBRE PERSONAL
Personal name Gitman, Lawrence J.
245 ## - TÍTULO PROPIAMENTE DICHO: SUBTÍTULO
Title Principios de administración financiera / Gitman, Lawrence J. y Chael J. Zutter
250 ## - MENCIÓN DE EDICIÓN
Edition statement 12
264 ## - PRODUCTION, PUBLICATION, DISTRIBUTION, MANUFACTURE, AND COPYRIGHT NOTICE
Place of production, publication, distribution, manufacture México : Pearson Educación
300 ## - PHYSICAL DESCRIPTION
Extensión 611 p.
650 ## - ASIENTO SECUNDARIO DE MATERIA -- TERMINO TEMÁTICO
Termino Temático Como Elemento de Entrada ADMINISTRACION FINANCIERA
700 ## - ASIENTO SECUNDARIO -- NOMBRE PERSONAL
Personal name Zutter, Chael J.Ì
942 ## - ADDED ENTRY ELEMENTS (KOHA)
Source of classification or shelving scheme Dewey Decimal Classification
Koha item type Libros
Existencias
Withdrawn status Lost status Source of classification or shelving scheme Damaged status Not for loan Current library Date acquired Total Checkouts Full call number Barcode Date last seen Price effective from Koha item type
    Dewey Decimal Classification     Biblioteca UTECO 09/09/2019   658.15 G447A 017457 09/09/2019 09/09/2019 Libros
    Dewey Decimal Classification     Biblioteca UTECO 09/09/2019   658.15 G447A 017458 09/09/2019 09/09/2019 Libros
    Dewey Decimal Classification     Biblioteca UTECO 09/09/2019   658.15 G447A 017459 09/09/2019 09/09/2019 Libros
    Dewey Decimal Classification     Biblioteca UTECO 09/09/2019   658.15 G447A 017460 09/09/2019 09/09/2019 Libros
    Dewey Decimal Classification     Biblioteca UTECO 09/09/2019   658.15 G447A 017461 09/09/2019 09/09/2019 Libros
© 2021 Derechos Reservados UTECO - Teléfono: +1 809-585-2291 - Correo electrónico: biblioteca@uteco.edu.do​  
Código postal 43000 ​​
Dirección: Avenida Universitaria No. 100, 
Cotuí, Provincia Sánchez Ramírez, República Dominicana - RNC: 404-00059-6